000 00665nam a22002057a 4500
005 20250909113042.0
008 250909b |||||||| |||| 00| 0 eng d
037 _cTB
040 _aAL
_cAL
041 _2eng
_aeng
084 _qAL
100 _aYu, Chai-Shin
_9820523
245 _aEarly buddhism and christanity : a comparative study of the Founders authority the community and the displine
260 _aDelhi, India:
_bMotilal Banarasidass,
_c1981.
300 _axv,241p.
650 _aRELIGION
_9820524
650 _aBuddhism
_9820525
942 _2CC
_cTB
_hQ40j6.C M1
_n0
999 _c1435243
_d1435243